Skip to content
VuFind
All Fields
Title
Author
Subject
Call Number
ISBN/ISSN
Tag
Find
Advanced
Squirel's special Nut
Cite this
Print
Export Record
Export to RefWorks
Export to EndNoteWeb
Export to EndNote
Export to MARC
Squirel's special Nut
Bibliographic Details
Format:
Book
Holdings
Description
Similar Items
Staff View
MARC
LEADER
00000cam a2200000 7i4500
001
0000009658
002
000010522
005
20000330.0
020
|a
9813020083
090
0
0
|a
JF
|b
SEJ
245
1
0
|a
Squirel's special Nut
999
|a
048404
|b
BUKU
|c
PINJAMAN
|e
PERPUSTAKAAN KOMUNITI PETALING JAYA
Similar Items
Those darn squirels!
by: Rubin, Adam
Published: (2008)
Scruffle-nut
by: Fenton, Corine
Published: (2019)
Fruit & nut [
by: Kunal Vijaykar
Nuts and bolts of...
The nuts keep rolling!
by: Litwin, Eric
Published: (2017)